000 00928nam0a2200301 4500
001 RU\NLR\bibl\456837
005 20250623183004.0
010 _a5-17-007474-3
_bАСТ
010 _a5-9577-0200-5
_bЕрмак
_95000
021 _aRU
_b2003-50696
_92450
035 _a(NLR Aleph) 000450359
090 _a870030
_c870030
100 _a20031110d2003 |||y0rusy50 ca
101 1 _arus
_ceng
102 _aRU
105 _ay |||||||||
200 1 _aАмулет
_e[Фантаст. роман]
_fДжеймс Бибби
_g[Пер. с англ. Т. Замиловой]
210 _aМ.
_cАСТ
_cЕрмак
_d2003
215 _a317, [1] с.
_d17
225 1 _aВек Дракона
_vВып. 24
686 _aШ6(4Вл)67-442{Лх1299-62}
700 1 _aБибби
_bД.
_gДжеймс
_4070
801 0 _aRU
_bNLR
_c20031110
_gPSBO
801 1 _aRU
_bNLR
_c20031110
942 _cBOOK
980 _aNB